ORISSA resettlement and rehabilitation policy, 2006 (Record no. 80998)

000 -LEADER
fixed length control field 00435pab a2200169 454500
008 - FIXED-LENGTH DATA ELEMENTS--GENERAL INFORMATION
fixed length control field 180718b2008 xxu||||| |||| 00| 0 eng d
245 ## - TITLE STATEMENT
Title ORISSA resettlement and rehabilitation policy, 2006
260 ## - PUBLICATION, DISTRIBUTION, ETC.
Date of publication, distribution, etc. 2008
300 ## - PHYSICAL DESCRIPTION
Extent p.733-49.
362 ## - DATES OF PUBLICATION AND/OR SEQUENTIAL DESIGNATION
Dates of publication and/or sequential designation Dec
650 ## - SUBJECT ADDED ENTRY--TOPICAL TERM
Topical term or geographic name entry element Rehabilitation - India - Orissa
650 ## - SUBJECT ADDED ENTRY--TOPICAL TERM
Topical term or geographic name entry element Resettlement - India - Orissa
650 ## - SUBJECT ADDED ENTRY--TOPICAL TERM
Topical term or geographic name entry element Resettlement
773 ## - HOST ITEM ENTRY
Main entry heading Social Change
908 ## - PUT COMMAND PARAMETER (RLIN)
Put command parameter N
909 ## -
-- 80998
Holdings
Withdrawn status Lost status Damaged status Not for loan Permanent Location Current Location Date acquired Serial Enumeration / chronology Barcode Date last seen Price effective from Koha item type
        Indian Institute of Public Administration Indian Institute of Public Administration 2018-07-19 Volume no: 38, Issue no: 4 AR81458 2018-07-19 2018-07-19 Articles

Powered by Koha